World Capitals Closest to Sarajevo - Statistics

General Stats
  • This quiz has been taken 370 times
  • The average score is 16 of 20
Answer Stats
km capital miles % Correct
290 Zagreb 180
96%
192 Belgrade 120
91%
530 Rome 329
90%
393 Ljubljana 244
87%
174 Podgorica 108
87%
792 Athens 492
85%
408 Budapest 254
85%
418 Sofia 260
85%
304 Tirana 189
85%
508 Vienna 316
85%
618 Bucharest 384
81%
259 Pristina 161
81%
321 Skopje 200
81%
488 Bratislava 303
75%
757 Prague 470
73%
479 San Marino 298
72%
532 Vatican City 331
68%
887 Chișinău 551
56%
783 Vaduz 487
50%
882 Monaco 548
42%
No matching quizzes found
Score Distribution
Percent of People with Each Score
Percentile by Number Answered
Your Score History
You have not taken this quiz